| 000 | 00645nam a2200205 u 4500 | ||
|---|---|---|---|
| 005 | 20240228064112.0 | ||
| 008 | 121120s2004 ag r 000 0 spa d | ||
| 020 | _a9505814585 | ||
| 035 | _aUPN01000188743 | ||
| 049 | _aI | ||
| 050 | 4 |
_aPZ76.3 _bC6.96 |
|
| 100 | 1 |
_aColombres, Adolfo, _d1944- _931452 |
|
| 245 | 1 | 3 |
_aEl zorro que se metió a cura / _cAdolfo Colombres ; il. Pedro Cazes Camarero. |
| 260 |
_aBuenos Aires : _bColihue, _c2004. |
||
| 300 |
_a[16] p. : _bil. col. |
||
| 440 | 0 | _aCuentos del pajarito remendado | |
| 650 | 0 |
_aAnimales _vCuentos y leyendas _9234 |
|
| 650 | 4 |
_aLibros y lectura para niños _92290 |
|
| 905 | _aInfantil | ||
| 999 |
_c160846 _d160846 |
||